00787nam a2200181 a 450000100100000000500170001000800410002704000250006808200150009310000260010824501080013426000550024230000200029770000390031795201130035695201190046999900170058800004208020201002035928.0131113s1979 nq 000 0 spa d aDO-SdBNPbspacBNPHU axxxxbxxxx1 aBorge, Tomás96907310aCarlos, el amanecer ya no es una tentación. /cTomás Borge; prólogo, Roberto Fernández Retamar. a[Nicaragua?], :bMinisterio de Educación,c1979. a80 p. :b20 cm.1 aFernández Retamar, Roberto95808 001050718MOaGRbGRcCTd2013-11-13iLF1l0oxxxx xxxxp42080-10r2020-06-25w2020-06-25y1ZNo se presta 001050718MOaGRbGRcCTd2013-12-10iLF1l0oxxxx xxxxp42080-20r2020-06-25te. 2w2020-06-25y1ZNo se presta c41569d41569